000 00367 a2200145 4500
001 150593
040 _cEscola São Tomás de Aquino
100 _aDAVIDSON, Alice Joyce
240 1 0 _aA história de Jesus e seus discípulos
_lpor
245 1 0 _aA história de Jesus e seus discípulos
362 0 _a1990
440 1 _aPaulinas
697 _aRELIGIÃO
942 _cBK
999 _c150593
_d150593